000
00329nam a2200133Ia 4500
005
20251222143232.0
008
251222s9999||||xx |||||||||||||| ||spa||
020
_a
84-7908-257-7
082
_a
840.9/B44
100
_a
Bueno Alonso, Josefina
245
0
_a
Imágenes de Mujer:
264
_b
Universidad de Alicante
942
_c
LIB
999
_c
14234
_d
14234